000 00947nam a22002177a 4500
999 _c10146
_d10146
003 AR-CdUCM
008 190329b ||||| |||| 00| 0 spa d
040 _aMUNICIPALIDAD PROVINCIAL DEL CUSCO
_cBIBLIOTECA MUNICIPAL DEL CUSCO
082 _a863.4 /
_bF38I
100 _aFernández de Avellaneda, Alonso
_926828
245 _aEl Quijote apócrifo :
_bEl ingenioso Don Quijote de la Mancha /
260 _aBarcelona :
_bRamón Sopena.
300 _a382 páginas ;
_bilustraciones,
_c18 cm.
440 _aBiblioteca Sopena.
_n12
_926829
505 _aContenido: Quinta parte, Del ingenioso Hidalgo Don Quijote de la Mancha y de su andantesca caballería -- Sexta parte, Del Ingenioso Hidalgo Don Quijote de la Mancha -- Séptima parte, Del Ingenioso Hidalgo Don Quijote de la Mancha.
650 _aLiteratura Española
_9612
650 _aObra literaria
_9308
650 _aDon Quijote de la Mancha
_926830
942 _2ddc
_cLIBROS
945 _aachl